| 000 | 00382nam a2200145Ia 4500 | ||
|---|---|---|---|
| 008 | 150201s2002 xx 000 0 und d | ||
| 082 |
_a617.692 _bP2002B |
||
| 100 | _aBASKER R.M. | ||
| 245 | _aPROSTHETIC TREATMENT OF THE EDENTULOUS PATIENT | ||
| 250 | _a4TH | ||
| 260 |
_bBLACKWELL SCIENCE PUB. _aEDINBURGH _c2002 |
||
| 300 | _a1-315 | ||
| 650 | _aPROSTHODONTICS | ||
| 942 |
_2ddc _cBK |
||
| 999 |
_c3603 _d3603 |
||